[Event "FRA-ch U14"]
[Site "Vichy"]
[Date "2025.04.29"]
[Round "4"]
[White "Tureshbayev, Anuar"]
[Black "Gadois, Arnaud"]
[Result "0-1"]
[WhiteElo "2163"]
[BlackElo "2037"]
[PlyCount "85"]
[EventDate "2025.04.27"]
[EventType "swiss"]
[EventRounds "9"]
[EventCountry "FRA"]
[SourceTitle "CB19_2025"]
[SourceDate "2025.05.07"]
[SourceVersion "1"]
[SourceVersionDate "2025.05.07"]
[SourceQuality "1"]

1. e4 e5 2. Nf3 Nc6 3. d4 exd4 4. Nxd4 Bc5 5. Nb3 Bb6 6. Nc3 d6 7. a4 a5 8. Nd5 Ba7 9. Bb5 Bd7 10. Bf4 h6 11. Qf3 Nf6 12. 0-0-0 Nxd5 13. exd5 Ne7 14. Qg4 Bxb5 15. axb5 Ng6 16. Rhe1+ Kf8 17. Nd4 Qf6 18. Bg3 h5 19. Qd7 Bxd4 20. Qxc7 Bxb2+ 21. Kb1 Ba3 22. c3 h4 23. Qxb7 Rd8 24. Rd3 Qf5 25. Bxd6+ Bxd6 26. Ree3 Ne5 27. Qb6 Be7 28. d6 Bf6 29. Qc5 Qc8 30. Rxe5 Bxe5 31. Qxe5 Qe6 32. Qg5 f6 33. Qc5 Kf7 34. c4 Qe4 35. Qa7+ Kg6 36. Qd4 Qxd4 37. Rxd4 Kf7 38. c5 Rh5 39. Rc4 Ke6 40. b6 Rb8 41. Ka2 Rhh8 42. c6 Rxb6 43. c7 0-1

[Event "FRA-ch U14"]
[Site "Vichy"]
[Date "2025.04.28"]
[Round "2"]
[White "Tureshbayev, Anuar"]
[Black "Guinois, Romain"]
[Result "1-0"]
[WhiteElo "2163"]
[BlackElo "1891"]
[PlyCount "105"]
[EventDate "2025.04.27"]
[EventType "swiss"]
[EventRounds "9"]
[EventCountry "FRA"]
[SourceTitle "CB19_2025"]
[SourceDate "2025.05.07"]
[SourceVersion "1"]
[SourceVersionDate "2025.05.07"]
[SourceQuality "1"]

1. e4 e6 2. d3 d5 3. Nd2 d4 4. f4 Bb4 5. g3 Ne7 6. Bg2 c5 7. Ngf3 Nbc6 8. 0-0 Bxd2 9. Bxd2 0-0 10. h4 Qc7 11. h5 Kh8 12. h6 g6 13. c3 Ng8 14. cxd4 cxd4 15. Qa4 a6 16. Nxd4 Qb6 17. Be3 Rd8 18. Nc2 Qxb2 19. Rab1 Qc3 20. d4 b5 21. Qb3 Qxb3 22. Rxb3 Nxh6 23. f5 Ng4 24. Bg5 f6 25. e5 Na5 26. Bxa8 Nxb3 27. exf6 h6 28. axb3 hxg5 29. fxg6 Kg8 30. d5 Rf8 31. f7+ Kg7 32. dxe6 Bxe6 33. Nd4 Bd7 34. Be4 Ne5 35. Bf5 Bxf5 36. Rxf5 Nd7 37. Ne6+ Kxg6 38. Nxf8+ Nxf8 39. Rf2 a5 40. Kf1 a4 41. b4 Kg7 42. Ke2 Ng6 43. Ke3 Kf8 44. Kd4 a3 45. Kc5 Ne5 46. Kxb5 Nd3 47. Ra2 Kxf7 48. Rxa3 Ne5 49. Re3 Nd7 50. Kc6 Nb8+ 51. Kd6 Na6 52. Re4 Kf6 53. g4 1-0

[Event "FRA-ch U14"]
[Site "Vichy"]
[Date "2025.04.27"]
[Round "1"]
[White "Sauneuf, Dany"]
[Black "Tureshbayev, Anuar"]
[Result "0-1"]
[WhiteElo "1796"]
[BlackElo "2163"]
[PlyCount "72"]
[EventDate "2025.04.27"]
[EventType "swiss"]
[EventRounds "9"]
[EventCountry "FRA"]
[SourceTitle "CB19_2025"]
[SourceDate "2025.05.07"]
[SourceVersion "1"]
[SourceVersionDate "2025.05.07"]
[SourceQuality "1"]

1. e4 c5 2. Nf3 d6 3. c4 e5 4. Nc3 Nc6 5. d3 g6 6. g3 Bg7 7. Bg2 Nge7 8. 0-0 0-0 9. Rb1 h6 10. Ne1 f5 11. exf5 Bxf5 12. Nc2 Qd7 13. Ne3 Bh3 14. a3 Nd4 15. f3 Rf7 16. Ned5 Bxg2 17. Nxe7+ Qxe7 18. Kxg2 Raf8 19. Be3 Nxf3 20. Qe2 Qe6 21. h3 g5 22. Rh1 h5 23. Ne4 g4 24. h4 Bh6 25. b4 b6 26. bxc5 dxc5 27. a4 Nd4 28. Qd2 Qc6 29. Rhf1 Rxf1 30. Rxf1 Rxf1 31. Kxf1 Nf3 32. Qc1 Bxe3 33. Qxe3 Qxa4 34. Qc1 Qa2 35. Ng5 Nh2+ 36. Kg1 Qe2 0-1

[Event "FRA-ch U12/16"]
[Site "Agen"]
[Date "2023.04.29"]
[Round "8"]
[White "Petrichenko, Maxim"]
[Black "Tureshbayev, Anuar"]
[Result "0-1"]
[WhiteElo "1726"]
[BlackElo "1778"]
[PlyCount "96"]
[EventDate "2023.04.23"]
[EventType "swiss"]
[EventRounds "9"]
[EventCountry "FRA"]
[SourceTitle "CBM 214 Extra"]
[Source "ChessBase"]
[SourceDate "2023.07.31"]
[SourceVersion "1"]
[SourceVersionDate "2023.07.31"]
[SourceQuality "1"]

1. c4 Nf6 2. g3 g6 3. b3 Bg7 4. Bb2 0-0 5. Bg2 c6 6. d3 d5 7. Nd2 Re8 8. Ngf3 Nbd7 9. 0-0 e5 10. e3 e4 11. Ne1 Nc5 12. d4 Bg4 13. Qc1 Ne6 14. f3 exf3 15. Nexf3 Bh6 16. Qc3 Ng7 17. Ne5 Nf5 18. Rae1 Bh5 19. e4 Nd6 20. exd5 cxd5 21. c5 Nf5 22. Bc1 Ng4 23. Ndf3 Bxc1 24. Nxg4 Bxg4 25. Qxc1 Bxf3 26. Bxf3 Nxd4 27. Qf4 Rxe1 28. Rxe1 Qa5 29. Re7 Nxf3+ 30. Qxf3 Qxc5+ 31. Re3 Re8 32. Kf2 Kg7 33. h3 Qxe3+ 34. Qxe3 Rxe3 35. Kxe3 Kf6 36. Kd4 Ke6 37. b4 b6 38. a4 a5 39. bxa5 bxa5 40. Kc5 Ke5 41. Kb5 d4 42. Kxa5 d3 43. Kb4 d2 44. a5 d1Q 45. a6 Kd4 46. a7 Qb1+ 47. Ka5 Kc5 48. a8Q Qb5# 0-1

[Event "Wohlen op 3rd"]
[Site "Wohlen"]
[Date "2022.08.21"]
[Round "4"]
[White "Ottolini, Graziano"]
[Black "Tureshbayev, Anuar"]
[Result "1-0"]
[WhiteElo "1955"]
[BlackElo "1696"]
[PlyCount "57"]
[EventDate "2022.08.19"]
[EventType "swiss"]
[EventRounds "5"]
[EventCountry "SUI"]
[SourceTitle "CBM 210 Extra"]
[Source "ChessBase"]
[SourceDate "2022.11.30"]
[SourceVersion "1"]
[SourceVersionDate "2022.11.30"]
[SourceQuality "1"]

1. d4 Nf6 2. c4 g6 3. Nc3 Bg7 4. Nf3 0-0 5. g3 d6 6. Bg2 Nbd7 7. 0-0 e5 8. dxe5 dxe5 9. Qc2 c6 10. Rd1 Qc7 11. Bd2 Re8 12. Rac1 Nc5 13. b4 Ne6 14. e3 Bd7 15. Qb2 Rad8 16. Nd5 cxd5 17. cxd5 Qd6 18. dxe6 Qxe6 19. Ng5 Qe7 20. Bc3 e4 21. Nxe4 Nxe4 22. Bxg7 Nxf2 23. Bh6 f6 24. Qxf2 g5 25. Bd5+ Be6 26. Bxe6+ Qxe6 27. Rxd8 Rxd8 28. Rf1 Rd6 29. Bxg5 1-0

[Event "Wohlen op 3rd"]
[Site "Wohlen"]
[Date "2022.08.19"]
[Round "1"]
[White "Tureshbayev, Anuar"]
[Black "Moehlmann, Axel"]
[Result "1-0"]
[WhiteElo "1696"]
[BlackElo "1345"]
[PlyCount "39"]
[EventDate "2022.08.19"]
[EventType "swiss"]
[EventRounds "5"]
[EventCountry "SUI"]
[SourceTitle "CBM 210 Extra"]
[Source "ChessBase"]
[SourceDate "2022.11.30"]
[SourceVersion "1"]
[SourceVersionDate "2022.11.30"]
[SourceQuality "1"]

1. d4 Nf6 2. Bf4 d5 3. e3 Bf5 4. c4 e6 5. Qb3 Na6 6. c5 Qc8 7. Nf3 b6 8. Qa4+ Nd7 9. Bxa6 Qb8 10. Qxd7+ Kxd7 11. Ne5+ Ke8 12. Bb5+ c6 13. Nxc6 Qc8 14. Nxa7+ Qd7 15. Bxd7+ Kxd7 16. cxb6 Bd6 17. Bxd6 Kxd6 18. Nc3 Rhb8 19. Ncb5+ Kd7 20. Nc7 1-0